000 00379nam a2200133Ia 4500
005 20260328104329.0
008 260328s9999||||xx |||||||||||||| ||und||
100 _aBaber, Daniel
245 0 _aModern Architecture and Climate ,Design before air conditioning /
_cDaniel Baber
260 _bPrinceton University Press
300 _a317 p.
650 _aBIOCLIMATISMO
942 _cBK
999 _c11632
_d11632